| 000 | 00997cam a22002771 4500 | ||
|---|---|---|---|
| 001 | sd 49000321 | ||
| 003 | DLC | ||
| 005 | 20260227112735.0 | ||
| 008 | 760419s1944 dcu f000 0 eng c | ||
| 010 | _asd 49000321 | ||
| 035 | _a(OCoLC)2124458 | ||
| 040 |
_aU.S. Dept. of State Library _cCtW _dCtW _dDLC |
||
| 042 | _apremarc | ||
| 050 | 0 | 0 |
_aUB250 _b.U33 no. 2368 |
| 082 | _a940.53593 | ||
| 110 | 1 |
_aUnited States. _bOffice of Strategic Services. _bResearch and Analysis Branch. |
|
| 245 | 1 | 0 | _aJapanese domination of Thailand. |
| 260 |
_a[Washington] _c1944. |
||
| 300 |
_aiv, 63 p. _c27 cm. |
||
| 490 | 1 |
_aIts R & A _vno. 2368 |
|
| 500 | _a"Cultural relations treaty between Japan and Thailand, signed 28 October 1942": p. 60-63. | ||
| 650 | 0 |
_aWorld War, 1939-1945 _zThailand. |
|
| 651 | 0 |
_aJapan _xForeign relations _zThailand. |
|
| 651 | 0 |
_aThailand _xForeign relations _zJapan. |
|
| 810 | 1 |
_aUnited States. _bDepartment of State. _bOffice of Intelligence Research. _tR & A ; _vno. 2368. |
|
| 999 |
_c90006 _d90006 |
||